|
|
|
|
| LEADER |
00000cam a2200000 a 4500 |
| 001 |
75881 |
| 003 |
Ucuenca |
| 005 |
20240402062619.0 |
| 008 |
000000|1972 ||||||||r|||||||||||spa|| |
| 040 |
|
|
|b spa
|
| 041 |
1 |
|
|a spa
|
| 082 |
0 |
|
|a 335
|
| 100 |
1 |
|
|a Kautsky, Karl.
|9 7634
|
| 245 |
|
3 |
|a El Pensamiento económico de Carlos Marx
|c Karl Kautsky. Traducción de Anny Dell'Erba
|h imp
|
| 264 |
|
|
|a Medellin
|b Oveja Negra
|c 1972
|
| 300 |
|
|
|a 285 páginas:
|c 18.5 cm
|
| 504 |
|
|
|a incl. ref.
|
| 650 |
1 |
|
|a Mercancia
|9 29993
|
| 650 |
1 |
|
|a Dinero
|9 853
|
| 650 |
1 |
|
|a Capital
|9 7152
|
| 650 |
1 |
0 |
|a Sistemas económicos
|9 12173
|
| 650 |
1 |
|
|a Trabajo
|9 2242
|
| 650 |
1 |
|
|a Plusvalia
|9 31504
|
| 650 |
1 |
|
|a Industria
|9 4255
|
| 650 |
1 |
|
|a Salarios
|9 11876
|
| 852 |
|
|
|a UC-CDJBV
|f Compra
|l 1
|m General
|p 00000000
|r 2
|t 75881
|b 0
|d CDRC
|e CDRC
|g 330 PRIMER PISO
|z 0000-00-00
|
| 942 |
|
|
|c BK
|0 1
|
| 999 |
|
|
|c 25994
|d 25994
|